Chemistry of natural products : (رقم التسجيلة. 32294)
[ عرض عادي ]
| 000 -الفاتح | |
|---|---|
| حقل البيانات ثابتة الطول | 01158cam a22003497a 4500 |
| 001 - رقم الضبط | |
| رقم الضبط | 17678503 |
| 003 - محدد رقم الضبط | |
| رقم الضبط | OSt |
| 005 - وقت وتاريخ اخر تعامل مع التسجيلة | |
| رقم الضبط | 20150408114154.0 |
| 008 - عناصر البيانات ثابتة الطول - معلومات عامة | |
| حقل البيانات ثابتة الطول | 130329s2010 ii a b 001 0 eng d |
| 010 ## - رقم ضبط مكتبة الكونجرس | |
| رقم ضبط مكتبة الكونجرس | 2012540852 |
| 020 ## - الرقم الدولى المعيارى للكتب | |
| الرقم الدولى المعيارى للكتاب | 9781439849651 (hbk.) |
| 020 ## - الرقم الدولى المعيارى للكتب | |
| الرقم الدولى المعيارى للكتاب | 9781466505247 |
| 035 ## - رقم ضبط النظام | |
| رقم ضبط النظام | (OCoLC)ocn688440602 |
| 040 ## - مصدر الفهرسة | |
| وكالة الفهرسة الأصلية | SISPL |
| لغة الفهرسة | eng |
| وكالة النسخ | SISPL |
| وكالة التعديل | UAT |
| -- | SINLB |
| -- | NLGGC |
| -- | OCLCQ |
| -- | ZWZ |
| -- | DLC |
| 042 ## - رمز التحقق | |
| رمز التحقق | lccopycat |
| 050 00 - رقم طلب مكتبة الكونجرس | |
| رقم التصنيف | QD415 |
| رقم المادة | .K75 2010 |
| 082 04 - رقم تصنيف ديوى العشرى | |
| رقم التصنيف | 547.7 |
| رقم الطبعة | 22 |
| رقم المادة | KNC |
| 084 ## - رقم تصنيف آخر | |
| رقم التصنيف | 35.50 |
| مصدر الرقم | bcl |
| 100 1# - المدخل الرئيسى - إسم شخصى | |
| الإسم الشخصى | Krishnaswamy, N. R. |
| 9 (RLIN) | 19292 |
| 245 10 - بيان العنوان | |
| العنوان | Chemistry of natural products : |
| بقية العنوان | a unified approach / |
| بيان المسئوليه,etc | N.R. Krishnaswamy. |
| 250 ## - بيان الطبعة | |
| بيان الطبعة | 2nd ed. |
| 260 ## - PUBLICATION, DISTRIBUTION, ETC. (IMPRINT) | |
| مكان الناشر او الموزع | Hyderabad, India : |
| اسم الناشر او الموزع | Universities Press ; |
| مكان الناشر او الموزع | Boca Raton, FL : |
| اسم الناشر او الموزع | CRC Press, |
| تاريخ النشر أو التوزيع | 2010. |
| 300 ## - الوصف المادى | |
| التعداد | xiii, 417 p. : |
| تفاصيل ماديه اخرى للوعاء | ill. ; |
| أبعاد الوعاء | 25 cm. |
| 504 ## - تبصرة ببليوجرافية | |
| تبصرة ببليوجرافية,الخ | Includes bibliographical references and index. |
| 650 #0 - المدخل الاضافى بالموضوع-مصطلح موضوعى | |
| مصطلح موضوعي أو اسم جغرافي كعنصر مدخل | Natural products. |
| 650 #0 - المدخل الاضافى بالموضوع-مصطلح موضوعى | |
| مصطلح موضوعي أو اسم جغرافي كعنصر مدخل | Biochemistry. |
| 650 17 - المدخل الاضافى بالموضوع-مصطلح موضوعى | |
| مصطلح موضوعي أو اسم جغرافي كعنصر مدخل | Organische chemie. |
| مصدر الرأس أو المصطلح | gtt |
| 9 (RLIN) | 17184 |
| 650 #7 - المدخل الاضافى بالموضوع-مصطلح موضوعى | |
| مصطلح موضوعي أو اسم جغرافي كعنصر مدخل | Biochimie. |
| مصدر الرأس أو المصطلح | ram |
| 9 (RLIN) | 40355 |
| 906 ## - عنصر بيانات محلى F, LDF (RLIN) | |
| a | 7 |
| b | cbc |
| c | copycat |
| d | 2 |
| e | ncip |
| f | 20 |
| g | y-gencatlg |
| 942 ## - عناصر المدخل الإضافي( كوها) | |
| مصدر التصنيف او مخطط الترفيف | Dewey Decimal Classification |
| Koha [default] item type | DVD |
| حالة الفقد | نموذج السعر الفعال | حالة تلف | ليس للاعارة | رقم الطلب | تاريخ الاكتساب | الموقع الحالي | الفرع الرئيسي | Date last seen | نوع المادة فى نظام كوها | مصدر التصنيف او خطة الترفيف | Total Checkouts |
|---|---|---|---|---|---|---|---|---|---|---|---|
| 2013-11-17 | 547.7 KNC | 2013-11-17 | المكتبة المركزية بالمجمعة (CL) | المكتبة المركزية بالمجمعة (CL) | 2013-11-17 | كتاب | Dewey Decimal Classification |
